| 000 | 00477nam a22001817a 4500 | ||
|---|---|---|---|
| 003 | CEME | ||
| 005 | 20210628202309.0 | ||
| 008 | 210210b xxu||||| |||| 00| 0 eng d | ||
| 020 | _a0-8247-2399-6 | ||
| 040 | _c. | ||
| 082 | _a621.82 MUS | ||
| 100 |
_aMuszynska , Agnieszka . Agnes _959199 |
||
| 245 | _aRotordynamics | ||
| 260 |
_aNEW YORK _bCRC PRESS _c2005 |
||
| 300 | _a1075P | ||
| 650 |
_aROTOR-DYNAMICS.MECHANICAL ENGINEERING.ROTORDYNAMICS _959200 |
||
| 942 |
_cBK _2ddc |
||
| 999 |
_c569235 _d569235 |
||